Σχεδιασμός ψηφιακού εκπαιδευτικού υλικού με τη μέθοδο της ταχείας πρωτοτυποποίησης : διπλωματική εργασία [μεταπτυχιακή εργασία]
Αποθηκεύτηκε σε:
| Κύριος συγγραφέας: | |
|---|---|
| Συγγραφή απο Οργανισμό/Αρχή: | |
| Μορφή: | Thesis Βιβλίο |
| Γλώσσα: | Greek |
| Δημοσίευση: |
2017.
|
| Θέματα: | |
| Διαθέσιμο Online: | http://hdl.handle.net/11610/22203 |
| Ετικέτες: |
Προσθήκη ετικέτας
Δεν υπάρχουν, Καταχωρήστε ετικέτα πρώτοι!
|
MARC
| LEADER | 00000cam a2200000 a 4500 | ||
|---|---|---|---|
| 001 | 1/114487 | ||
| 008 | 170717s2017####gr | ||| |||| ||gre|| | ||
| 040 | |a GR-MyUa |b gre |c GR-MyUa |e AACR2 | ||
| 041 | 0 | |a gre | |
| 082 | 7 | |a 371.33 |2 (23) | |
| 100 | 1 | |a Βολίκα, Σταματία. | |
| 245 | 1 | 0 | |a Σχεδιασμός ψηφιακού εκπαιδευτικού υλικού με τη μέθοδο της ταχείας πρωτοτυποποίησης : |b διπλωματική εργασία [μεταπτυχιακή εργασία] / |c Βολίκα Σταματία ; επιβλέπων καθηγητής: Φεσάκης Γεώργιος. |
| 260 | |c 2017. | ||
| 300 | |a 110 σ. : |b πίν., εικ. ; |c 30 εκ. | ||
| 500 | |a Υπάρχει ψηφιακό αντίγραφο. | ||
| 500 | |a Μέλη εξεταστικής επιτροπής: Καλαβάσης Φραγκίσκος, Καφούση Σουλτάνα. | ||
| 502 | |a Διατριβή (μεταπτυχιακή) – Πανεπιστήμιο Αιγαίου, Ρόδος, 2017. | ||
| 504 | |a Βιβλιογραφία: σ. 108-109. | ||
| 506 | 1 | |a Πλήρες κείμενο - Ελεύθερη δημοσίευση - Κλειδωμένη η δυνατότητα αντιγραφής. | |
| 650 | 0 | |a Internet in education. | |
| 650 | 0 | |a Web databases |x Design. | |
| 650 | 0 | |a Educational technology. | |
| 650 | 0 | |a Computer-assisted instruction. | |
| 650 | 0 | |a Education |x Effect of technological innovations on. | |
| 700 | 1 | |a Φεσάκης, Γεώργιος, |e dgs | |
| 710 | 1 | |a Πανεπιστήμιο Αιγαίου |b Σχολή Ανθρωπιστικών Επιστημών |b Τμήμα Επιστημών της Προσχολικής Αγωγής και του Εκπαιδευτικού Σχεδιασμού |b Μεταπτυχιακό Πρόγραμμα Σπουδών Παιδικό Βιβλίο και Παιδαγωγικό Υλικό. | |
| 852 | |a INST |b RHODES |c DIATR |e 20170717 |h 371.33 ΒΟΛ |p 005400039401 |q 005400039401 |t MTXE |y 23 | ||
| 856 | |u http://hdl.handle.net/11610/22203 | ||
| 924 | |a Βολίκα |b Σταματία |y Ρόδος |z 2017-03 | ||
| 970 | |z 17-07-2017 | ||